000 01998cam a22004694i 4500
003 PE-LiUPU
005 20250731172808.0
008 150617s r 000 0 d
035 _a(Sirsi) a13456
040 _aPE-LiUPU
_bspa
_cPE-LiUPU
_erda
049 _aPRUA
082 0 4 _a232.5
_bB72
_221
100 1 _aBonnet, Gerard,
_eautor.
245 1 0 _aJesús Ha Resucitado /
_cGerard Bonnet ; [Versión castellana de Josep A. Pombo].
264 1 _aBarcelona :
_bHerder,
_c1971.
300 _a163 páginas ;
_c20 cm
336 _atext
_2rdacontent
337 _aunmediated
_2rdamedia
338 _avolume
_2rdacarrier
490 0 _aControversia ;
_v7
505 0 _aLa Iglesia que viene al mundo. Un grupo de partidarios de un género realmente nuevo. Un movimiento de opinión poco corriente. Una llamada dirigida a la persona -- La Iglesia presente en la historia. Un grupo de testigos fidedignos. El nuevo signo de Dios en medio de las naciones. El partido de la verdad -- El mundo. Una revolución para el mundo. La primera reacción del mundo: La persecución. El efecto segundo del anuncio -- El despertar de todas las esperanzas. Un efecto deseado y esperado. Un efecto frustrado. Un efecto en vías de realización.
526 _aSEG42
526 _aSEG41
526 _aSEG40
526 _aSEG39
526 _aP94
526 _aP87
526 _aP86
526 _aP85
526 _aP77
526 _aP76
526 _aP35
650 0 4 _aResurrección de Jesús.
700 1 _aPombo, Josep A.,
_etraductor.
910 _ajck
_bjvq
_cjck
_d20150616
942 _2ddc
_cBOOK
949 _a232.5 B72
_wDEWEY
_c1
_i12718
_lCCODEBUL1
_mBUL
_p00.00
_r0
_sY
_tBOOK
_u19760914
_xTEOLOGIA
_PP35
_0COMPRA
_o.STAFF. Colección General
994 _aC0
_bPEPRU
596 _a1
999 _a232.5 B72
_wDEWEY
_c3825
_i12718
_f2021-11-10
_g5
_lCCODEBUL1
_mBUL
_r0
_sY
_tBOOK
_u2015-6-17
_xTEOLOGIA
_PP35
_0COMPRA
_o.STAFF. Colección General
_d3825
980 _81
_gALBERTO SANCHEZ Responsable de Automatización